000
00320nam a2200133Ia 4500
100
_a
Burrus/Sidney C
942
_c
BK
654
_a
computer
245
_a
Computerbased Excercises for Signal Processing Using MATLAB
260
_b
Prentice Hall
_a
NONE
_c
1994
300
_a
404
546
_a
ENGLISH
999
_c
25606
_d
25606